000 00283nam a22001337a 4500
008 170925b xxu||||| |||| 00| 0 eng d
020 _a9781416609407
041 _aeng
080 _a37
100 _a46
101 _aEDU
245 _aCURRICULUM 21
_cJACOBS,H,H
942 _2udc
_cBK
999 _c29593
_d29593